Presidential Word Search Quiz Stats

 Plays Quiz not verified by Sporcle

Challenge
Share
Tweet
Embed
Score 0/168 Timer 03:00
0 Plays Today
% Correct
T
100%
C
100%
A
100%
R
100%
T
100%
E
100%
R
100%
E
100%
A
100%
G
100%
A
100%
N
100%
T
100%
W
100%
D
100%
N
100%
L
100%
S
100%
Y
100%
E
100%
K
100%
K
100%
¬¬¬¬¬¬
100%
Y
100%
D
100%
N
100%
A
100%
L
100%
E
100%
V
100%
E
100%
L
100%
C
100%
M
100%
T
100%
S
100%
W
100%
O
100%
O
100%
A
100%
H
100%
T
100%
L
100%
L
100%
L
100%
¬¬¬¬¬¬
100%
L
100%
K
100%
C
100%
L
100%
I
100%
N
100%
T
100%
O
100%
N
100%
B
100%
% Correct
A
100%
N
100%
K
100%
N
100%
O
100%
S
100%
R
100%
E
100%
F
100%
F
100%
E
100%
J
100%
¬¬¬¬¬¬
100%
E
100%
L
100%
I
100%
N
100%
C
100%
O
100%
L
100%
N
100%
L
100%
U
100%
B
100%
M
100%
R
100%
S
100%
D
100%
L
100%
S
100%
R
100%
O
100%
R
100%
H
100%
T
100%
¬¬¬¬¬¬
100%
R
100%
O
100%
O
100%
S
100%
E
100%
V
100%
E
100%
L
100%
T
100%
S
100%
O
100%
W
100%
A
100%
S
100%
H
100%
I
100%
N
100%
G
100%
T
100%
O
100%
% Correct
N
100%
H
100%
¬¬¬¬¬¬
100%
T
100%
P
100%
I
100%
E
100%
R
100%
C
100%
E
100%
S
100%
K
100%
H
100%
A
100%
Y
100%
E
100%
S
100%
A
100%
W
100%
O
100%
U
100%
C
100%
M
100%
W
100%
S
100%
¬¬¬¬¬¬
100%
ROOSEVELT
95.2%
ROOSEVELT
95.2%
CARTER
90.5%
WASHINGTON
90.5%
CARTER
90.5%
WASHINGTON
90.5%
LINCOLN
86.5%
LINCOLN
86.5%
CLINTON
82.5%
CLINTON
82.5%
PIERCE
80.2%
PIERCE
80.2%
JEFFERSON
78.6%
JEFFERSON
78.6%
HAYES
75.4%
REAGAN
75.4%
HAYES
75.4%
REAGAN
75.4%
CLEVELAND
65.9%
CLEVELAND
65.9%
OBAMA
61.9%
OBAMA
61.9%
BUSH
61.1%
BUSH
61.1%
POLK
53.2%
POLK
53.2%
WILSON
50%
WILSON
50%
TYLER
41.3%
TYLER
41.3%

You're not logged in!

Compare scores with friends on all Sporcle quizzes.
OR
Log In

You Might Also Like...

Show Comments

Extras

Created Apr 2, 2012ReportNominate
Tags:grid, search

Top Quizzes Today


Score Distribution

Your Account Isn't Verified!

In order to create a playlist on Sporcle, you need to verify the email address you used during registration. Go to your Sporcle Settings to finish the process.

Report this User

Report this user for behavior that violates our Community Guidelines.

Details: